| 000 | 00844nam2a22002411 4500 | ||
|---|---|---|---|
| 001 | RU\NLR\Per\665768 | ||
| 005 | 20250617181209.0 | ||
| 035 | _a(NLR Aleph) 002914554 | ||
| 090 |
_a3569503 _c3569503 |
||
| 100 | _a20100311d2009 |||y0rusy50 ca | ||
| 101 | 0 | _arus | |
| 102 | _aRU | ||
| 105 | _ay ||||000|y | ||
| 200 | 0 | _a2009, № 5 (30) | |
| 210 |
_d2009 _aБ. м. |
||
| 461 | 0 |
_1001RU\NLR\INFOCOMM12\5000000138 _12001#$aКлинико-лабораторный консилиум$eНауч.-практ. журн.$v2009, № 5 (30) _94086042 _cСПб. _d2003- _oНауч.-практ. журн. _tКлинико-лабораторный консилиум _x2077-5059 _v2009, № 5 (30) |
|
| 801 | 1 |
_aRU _bInfoComm _c20051007 |
|
| 801 | 0 |
_aRU _bNLR _gPSBO |
|
| 852 |
_aNLR _jП17/1006 |
||
| 942 | _cISSUE | ||
| 980 | _aNB | ||
| 980 | _aRUSPER | ||